[Event "21st European Teams Women"]
[Site "Hersonissos GRE"]
[Date "2017.11.06"]
[Round "9.6"]
[Board "1"]
[White "Mammadzada, Gunay"]
[Black "Rapport, Jovana"]
[Result "1/2-1/2"]
[WhiteTitle "WGM"]
[BlackTitle "WGM"]
[WhiteElo "2393"]
[BlackElo "2327"]
[WhiteTeam "Azerbaijan"]
[BlackTeam "Serbia"]
[WhiteFideId "13403729"]
[BlackFideId "937266"]
[EventDate "2017.10.28"]

1. e4 e6 2. d4 d5 3. Nd2 Be7 4. Bd3 c5 5. dxc5 Nf6 6. Qe2 Qc7 7. Ngf3 Nbd7 8. e5
Ng4 9. Bb5 Bxc5 10. O-O O-O 11. Bxd7 Bxd7 12. h3 Nh6 13. Nb3 Nf5 14. Bf4 Ba4 15.
Qd2 Bxb3 16. axb3 Rac8 17. c3 a6 18. Rad1 Bb6 19. h4 Qb8 20. h5 Bc7 21. g4 Ne7
22. Qe2 h6 23. Nd4 Nc6 24. Rfe1 Nxd4 25. Rxd4 Rce8 26. Kg2 f6 27. Bg3 b5 28. Qe3
f5 29. Qe2 fxg4 30. Rxg4 Rf5 31. Rg6 Bd8 32. f4 Qb7 33. Qg4 d4+ 34. Kh2 dxc3 35.
bxc3 Qf7 36. Rxh6 Bg5 37. Rg6 Bxf4 38. Bxf4 Rxf4 39. Rxg7+ Qxg7 40. Qxf4 Rf8 41.
Qh4 Kh7 42. Kh1 Rf5 43. Rg1 Qf7 44. Rg5 Qe7 45. Rg4 Qxh4+ 46. Rxh4 Rxe5 47. Rd4
Kh6 48. Rd6 Kxh5 49. Rxa6 Kg4 50. Kg2 Re2+ 51. Kf1 Kf3 52. Rb6 e5 53. Rxb5 e4
54. Rh5 Ke3 55. c4 Rb2 56. Rh3+ Kd4 57. c5 Kxc5 58. Ke1 Kd4 59. Rg3 1/2-1/2

[Event "21st European Teams Women"]
[Site "Hersonissos GRE"]
[Date "2017.11.06"]
[Round "9.6"]
[Board "2"]
[White "Eric, Jovana"]
[Black "Mamedjarova, Zeinab"]
[Result "0-1"]
[WhiteTitle "WIM"]
[BlackTitle "WGM"]
[WhiteElo "2257"]
[BlackElo "2298"]
[WhiteTeam "Serbia"]
[BlackTeam "Azerbaijan"]
[WhiteFideId "938238"]
[BlackFideId "13401521"]
[EventDate "2017.10.28"]

1. e4 e5 2. Nf3 d6 3. d4 Nd7 4. Nc3 Ngf6 5. Bc4 Be7 6. a4 O-O 7. O-O c6 8. Ba2
a5 9. Qe2 Qc7 10. Rd1 b6 11. Bg5 exd4 12. Nxd4 Ne5 13. h3 h6 14. Bf4 Re8 15. Qe3
Bf8 16. Re1 Bd7 17. Rad1 Rad8 18. Bg3 Bc8 19. f4 Ng6 20. Qf3 Bb7 21. Nf5 d5 22.
e5 Nd7 23. Qh5 Bc5+ 24. Kh2 Ndf8 25. Nxg7 Kxg7 26. f5 Nxe5 27. f6+ Kxf6 28. Ne4+
Kg7 29. Nxc5 f6 30. Nxb7 Qxb7 31. Bf4 Nf7 32. Rxe8 Rxe8 33. Rd3 Re4 34. Rg3+ Ng5
35. Bd6 Ng6 36. c4 Rh4 37. Qe2 Qd7 38. Bb8 Qd8 39. Rxg5 hxg5 40. Bg3 Re4 41. Qd2
d4 42. Bb1 Re7 43. Qd3 Nf8 44. h4 gxh4 45. Bxh4 Qd6+ 46. Bg3 Qd7 47. Qf3 Re3 48.
Qh5 d3 49. Bf4 Re1 50. Ba2 c5 51. Bb3 Kg8 52. Qf3 Ng6 53. Bh6 Ne5 54. Qa8+ Kh7
55. Bf4 Qf5 56. Qb7+ Kg6 57. g3 Qh5+ 0-1

[Event "21st European Teams Women"]
[Site "Hersonissos GRE"]
[Date "2017.11.06"]
[Round "9.6"]
[Board "3"]
[White "Fataliyeva, Ulviyya"]
[Black "Injac, Teodora"]
[Result "1/2-1/2"]
[WhiteTitle "WIM"]
[BlackTitle "WFM"]
[WhiteElo "2348"]
[BlackElo "2244"]
[WhiteTeam "Azerbaijan"]
[BlackTeam "Serbia"]
[WhiteFideId "13403052"]
[BlackFideId "932400"]
[EventDate "2017.10.28"]

1. e4 e6 2. Qe2 c5 3. Nf3 Nc6 4. g3 Nf6 5. Bg2 d5 6. d3 Be7 7. O-O O-O 8. e5 Ne8
9. c4 Nc7 10. Nc3 Rb8 11. a4 a6 12. h4 b5 13. Rd1 Na5 14. axb5 Nb3 15. Rb1 Nxc1
16. Rdxc1 axb5 17. cxb5 Nxb5 18. Na4 Nd4 19. Nxd4 cxd4 20. Qc2 Ba6 21. Bf1 Qa5
22. Qc7 Bb4 23. Qxa5 Bxa5 24. Nc5 Bb5 25. b4 Bb6 26. f4 Rfc8 27. Kf2 Rc7 28. Rb2
Rbc8 29. Rbc2 Kf8 30. Ke1 Ke7 31. Kd2 Ra8 32. g4 g6 33. Be2 Rf8 34. Bf3 Rd8 35.
Bg2 Rg8 36. Bh3 Ra8 37. f5 gxf5 38. gxf5 exf5 39. Bxf5 Rg8 40. Re1 h6 41. Rcc1
Rg3 42. Rg1 Rf3 43. Rgf1 Rxf1 44. Rxf1 Ra7 45. Rf4 Ra2+ 46. Kd1 Ra1+ 47. Ke2
Ra2+ 48. Kf1 Ra1+ 49. Ke2 Ra2+ 50. Kf1 Ra1+ 51. Ke2 1/2-1/2

[Event "21st European Teams Women"]
[Site "Hersonissos GRE"]
[Date "2017.11.06"]
[Round "9.6"]
[Board "4"]
[White "Gajcin, Marina"]
[Black "Balajayeva, Khanim"]
[Result "1/2-1/2"]
[WhiteTitle "WFM"]
[BlackTitle "WFM"]
[WhiteElo "2135"]
[BlackElo "2319"]
[WhiteTeam "Serbia"]
[BlackTeam "Azerbaijan"]
[WhiteFideId "949086"]
[BlackFideId "13406396"]
[EventDate "2017.10.28"]

1. e4 e5 2. Nf3 Nc6 3. Bc4 Nf6 4. d3 Bc5 5. c3 d6 6. Bb3 a5 7. Nbd2 O-O 8. O-O
Be6 9. h3 Nh5 10. d4 Bxb3 11. Nxb3 Bb6 12. Bg5 f6 13. Be3 Qe8 14. Nbd2 Kh8 15.
Re1 g6 16. a4 Qf7 17. Qb3 exd4 18. Qxf7 Rxf7 19. Nxd4 Bxd4 20. cxd4 f5 21. exf5
gxf5 22. Nf3 Nf6 23. Re2 Re7 24. Rae1 Rae8 25. Kf1 Nd5 26. Bd2 Kg7 27. Rxe7+
Rxe7 28. Rxe7+ Ndxe7 29. Ke2 Nd5 30. g3 Nf6 31. Be1 Kf7 32. Kd3 b6 33. Kc4 Ne7
34. Ng5+ Ke8 35. Ne6 Kd7 36. Nf4 d5+ 37. Kd3 Ng6 38. Ne2 h5 39. Bd2 Ne4 40. Be1
Kd6 41. Ke3 Ng5 42. f4 Ne4 43. g4 hxg4 44. hxg4 fxg4 45. f5 Ne7 46. Kf4 c5 47.
Nc3 Nxc3 48. dxc5+ bxc5 49. bxc3 Nc6 50. Kxg4 d4 51. cxd4 cxd4 52. Kf4 Kd5 53.
f6 Ke6 54. Ke4 Kxf6 55. Bxa5 Nxa5 56. Kxd4 Ke6 57. Kc5 Kd7 58. Kb6 Nb3 59. a5
Nxa5 60. Kxa5 1/2-1/2

[Event "21st European Teams Women"]
[Site "Hersonissos GRE"]
[Date "2017.11.06"]
[Round "9.7"]
[Board "1"]
[White "Vega Gutierrez, Sabrina"]
[Black "Newrkla, Katharina"]
[Result "1-0"]
[WhiteTitle "IM"]
[BlackTitle "WIM"]
[WhiteElo "2405"]
[BlackElo "2170"]
[WhiteTeam "Spain"]
[BlackTeam "Austria"]
[WhiteFideId "2219026"]
[BlackFideId "1621629"]
[EventDate "2017.10.28"]

1. d4 Nf6 2. c4 g6 3. Nc3 Bg7 4. e4 d6 5. h3 O-O 6. Be3 Nbd7 7. g4 c5 8. Nge2
Qa5 9. Qd2 cxd4 10. Nxd4 Nc5 11. Bg2 Ne6 12. Nde2 Nc7 13. O-O Be6 14. b3 Rab8
15. Rac1 Rfc8 16. f4 b5 17. Nxb5 Qxd2 18. Bxd2 Nxb5 19. cxb5 Rxb5 20. Nd4 Rbc5
21. Nxe6 fxe6 22. Be3 Rxc1 23. Rxc1 Rxc1+ 24. Bxc1 Nd7 25. Be3 Nb6 26. Kf2 Kf7
27. Ke2 Bc3 28. Kd3 Be1 29. Bf3 Ke8 30. g5 Kf7 31. Bg4 d5 32. Bf3 dxe4+ 33. Bxe4
Bb4 34. Bc6 Bd6 35. a4 Bb8 36. Ke4 Nc8 37. b4 Nd6+ 38. Kd3 Nf5 39. Bd2 e5 40.
fxe5 Bxe5 41. Kc4 Bd4 42. b5 e5 43. Bd5+ Kg7 44. Be6 h6 45. Bxf5 gxf5 46. gxh6+
Kg6 47. Kd5 Kh7 48. a5 f4 49. Bxf4 Bc3 50. b6 axb6 51. a6 1-0

[Event "21st European Teams Women"]
[Site "Hersonissos GRE"]
[Date "2017.11.06"]
[Round "9.7"]
[Board "2"]
[White "Teuschler, Barbara"]
[Black "Garcia Martin, Marta"]
[Result "0-1"]
[WhiteTitle "WFM"]
[BlackTitle "FM"]
[WhiteElo "2228"]
[BlackElo "2315"]
[WhiteTeam "Austria"]
[BlackTeam "Spain"]
[WhiteFideId "1602047"]
[BlackFideId "32084030"]
[EventDate "2017.10.28"]

1. e4 e5 2. Nf3 Nc6 3. Bc4 Nf6 4. d3 Be7 5. O-O O-O 6. Re1 d6 7. c3 Na5 8. Bb5
a6 9. Ba4 b5 10. Bc2 c5 11. Nbd2 Nc6 12. Nf1 Re8 13. h3 h6 14. Ng3 Bf8 15. Nh2
d5 16. Qf3 d4 17. Nf5 Be6 18. g4 Nh7 19. Qg3 dxc3 20. bxc3 b4 21. Ba4 Bd7 22.
Bb2 bxc3 23. Bxc3 Nd4 24. Bxd7 Qxd7 25. Bxd4 cxd4 26. Nf3 Ng5 27. Nxg5 hxg5 28.
Qf3 Rac8 29. Qd1 Rc3 30. Rb1 Rec8 31. Rb6 a5 32. Qb1 g6 33. Ng3 Bb4 34. Kg2 Qd8
35. Rb5 Qf6 36. Re2 Qe6 37. Rd5 Qe7 38. Nf1 R8c5 39. Rxc5 Qxc5 40. Nd2 Rc1 41.
Qb3 Rc2 0-1

[Event "21st European Teams Women"]
[Site "Hersonissos GRE"]
[Date "2017.11.06"]
[Round "9.7"]
[Board "3"]
[White "Matnadze, Ana"]
[Black "Exler, Veronika"]
[Result "1-0"]
[WhiteTitle "IM"]
[BlackTitle "WIM"]
[WhiteElo "2368"]
[BlackElo "2118"]
[WhiteTeam "Spain"]
[BlackTeam "Austria"]
[WhiteFideId "13601377"]
[BlackFideId "1620550"]
[EventDate "2017.10.28"]

1. Nf3 d5 2. g3 Nf6 3. Bg2 c6 4. O-O Bf5 5. d3 h6 6. Nbd2 e6 7. c4 Be7 8. Qb3
Qc7 9. cxd5 cxd5 10. Nd4 Bh7 11. N2f3 Nc6 12. Bf4 Qb6 13. Qxb6 axb6 14. Rfc1 Rc8
15. Ne5 Bc5 16. Ndxc6 bxc6 17. Rab1 g5 18. Bd2 Nd7 19. Nxc6 Rxc6 20. b4 Ke7 21.
bxc5 bxc5 22. e4 Kd6 23. f4 Ra6 24. Rc2 f6 25. Rb7 Rb8 26. Rxb8 Nxb8 27. Rb2 Nd7
28. Kf2 Rb6 29. Rxb6+ Nxb6 30. h4 gxh4 31. gxh4 h5 32. Ba5 Nd7 33. Ke3 Bg6 34.
Bd8 f5 35. exd5 exd5 36. a4 Bf7 37. Bf3 Kc6 38. Kd2 Nf8 39. Bf6 Ne6 40. Be5 Nc7
41. Bxc7 Kxc7 42. d4 c4 43. Kc3 Kc6 44. Kb4 Kb6 45. Bd1 Be8 46. Be2 Bg6 47. Bd1
Be8 48. Bc2 Bd7 49. a5+ Ka6 50. Bd1 Be8 51. Bf3 Bf7 52. Bg2 Bg8 53. Bf1 Bf7 54.
Bh3 Be6 55. Bf1 Bf7 56. Bh3 Be6 57. Bg2 Bg8 58. Ka4 Be6 59. Bf3 Bf7 60. Kb4 Kb7
61. Kb5 Be8+ 62. Kb4 Bf7 63. Bd1 Be8 64. Bc2 Bd7 65. Kc5 Ka6 66. Kxd5 Kb5 67. a6
Bc6+ 68. Kd6 Ba8 69. a7 c3 70. Bxf5 Kc4 71. Ke5 Bb7 72. Bc2 Kb4 73. f5 1-0

[Event "21st European Teams Women"]
[Site "Hersonissos GRE"]
[Date "2017.11.06"]
[Round "9.7"]
[Board "4"]
[White "Novkovic, Julia"]
[Black "Delgado Crespo, Mairelys"]
[Result "0-1"]
[WhiteTitle "WFM"]
[BlackTitle "WGM"]
[WhiteElo "2111"]
[BlackElo "2260"]
[WhiteTeam "Austria"]
[BlackTeam "Spain"]
[WhiteFideId "12000086"]
[BlackFideId "3501868"]
[EventDate "2017.10.28"]

1. e4 c5 2. Nf3 e6 3. d4 cxd4 4. Nxd4 Nf6 5. Bd3 Nc6 6. Nxc6 bxc6 7. O-O e5 8.
Qe2 Be7 9. Nd2 O-O 10. Ba6 Bxa6 11. Qxa6 Qc8 12. Qxc8 Raxc8 13. Nc4 Nxe4 14.
Nxe5 d5 15. Nd3 Bf6 16. f3 Bd4+ 17. Kh1 Nd6 18. c3 Bb6 19. a4 Nc4 20. Re1 Rfe8
21. Bf4 Be3 22. Bxe3 Nxe3 23. Rac1 f6 24. Kg1 Kf7 25. Kf2 Nc4 26. b3 Ne5 27. Nc5
Rcd8 28. Ke3 Ng6+ 29. Kd2 Nh4 30. Nb7 Rd7 31. Rxe8 Kxe8 32. Re1+ Re7 33. Nd6+
Kd7 34. Rxe7+ Kxe7 35. Nc8+ Kd7 36. Nxa7 Kc7 37. b4 Kb7 38. Nxc6 Kxc6 39. Kd3
Nxg2 40. c4 Ne1+ 41. Ke2 Nc2 42. b5+ Kc5 43. cxd5 Kxd5 44. Kd3 Nb4+ 45. Ke3 Kc5
46. Ke4 Nd5 47. h4 Nc7 48. Kf5 Kd5 49. h5 Ne8 50. Kf4 Nd6 51. Ke3 Nb7 52. Kf4
Ke6 53. Kg4 Ke5 54. Kg3 f5 55. b6 Na5 56. Kf2 f4 57. Ke2 Kd4 58. Kf2 Kd3 0-1

[Event "21st European Teams Women"]
[Site "Hersonissos GRE"]
[Date "2017.11.06"]
[Round "9.8"]
[Board "1"]
[White "Hoang, Thanh Trang"]
[Black "Worek, Joanna"]
[Result "1-0"]
[WhiteTitle "GM"]
[BlackTitle "WGM"]
[WhiteElo "2438"]
[BlackElo "2299"]
[WhiteTeam "Hungary"]
[BlackTeam "Czech Republic"]
[WhiteFideId "12400149"]
[BlackFideId "1118080"]
[EventDate "2017.10.28"]

1. d4 Nf6 2. Nf3 e6 3. e3 c5 4. Bd3 d5 5. b3 Nc6 6. O-O Bd6 7. Bb2 O-O 8. Nbd2
Qe7 9. Ne5 cxd4 10. exd4 Ba3 11. Bxa3 Qxa3 12. c3 Nxe5 13. dxe5 Nd7 14. Re1 Qe7
15. Qh5 g6 16. Qh6 b6 17. Nf3 Bb7 18. Re3 f6 19. exf6 Rxf6 20. Rae1 Nf8 21. Ne5
Rc8 22. Qg5 h6 23. Qxh6 Qg7 24. Qg5 Nh7 25. Qg3 Rxc3 26. Ng4 Rf7 27. Bxg6 Rfc7
28. Bxh7+ Kxh7 29. Qh4+ Kg8 30. Rxe6 1-0

[Event "21st European Teams Women"]
[Site "Hersonissos GRE"]
[Date "2017.11.06"]
[Round "9.8"]
[Board "2"]
[White "Havlikova, Kristyna"]
[Black "Lazarne Vajda, Szidonia"]
[Result "0-1"]
[WhiteTitle "WIM"]
[BlackTitle "IM"]
[WhiteElo "2272"]
[BlackElo "2364"]
[WhiteTeam "Czech Republic"]
[BlackTeam "Hungary"]
[WhiteFideId "309672"]
[BlackFideId "723894"]
[EventDate "2017.10.28"]

1. e4 e5 2. Nf3 Nc6 3. Bb5 Nf6 4. d3 Bc5 5. O-O Nd4 6. Nxd4 Bxd4 7. c3 Bb6 8. h3
h6 9. Kh1 c6 10. Ba4 g5 11. Be3 d6 12. Bxb6 axb6 13. d4 Nxe4 14. Bc2 Nf6 15. Re1
Be6 16. Na3 Nd7 17. c4 exd4 18. Qxd4 Qf6 19. Rad1 O-O-O 20. Nb1 Qxd4 21. Rxd4
Nf6 22. Bb3 d5 23. cxd5 Bxd5 24. Bxd5 Nxd5 25. Rde4 Kd7 26. Nc3 Rhe8 27. Rxe8
Rxe8 28. Rd1 Re5 29. Kg1 Ke6 30. Nb1 Nf4 31. Kf1 b5 32. a3 Rd5 33. Re1+ Kd7 34.
Kg1 Rd3 35. Kf1 Rb3 36. Rd1+ Kc7 37. Rd2 Nd3 38. Nc3 Nxb2 0-1

[Event "21st European Teams Women"]
[Site "Hersonissos GRE"]
[Date "2017.11.06"]
[Round "9.8"]
[Board "3"]
[White "Gara, Anita"]
[Black "Olsarova, Karolina"]
[Result "0-1"]
[WhiteTitle "IM"]
[BlackTitle "WIM"]
[WhiteElo "2382"]
[BlackElo "2293"]
[WhiteTeam "Hungary"]
[BlackTeam "Czech Republic"]
[WhiteFideId "709751"]
[BlackFideId "320242"]
[EventDate "2017.10.28"]

1. e4 e5 2. Nf3 Nc6 3. Nc3 Nf6 4. Bb5 Bb4 5. O-O O-O 6. d3 Bxc3 7. bxc3 d6 8.
Bg5 Bd7 9. Rb1 h6 10. Bh4 a6 11. Ba4 b5 12. Bb3 Na5 13. Re1 Re8 14. h3 Nxb3 15.
cxb3 c5 16. d4 Bc6 17. d5 Bd7 18. Qd2 Kh8 19. Bxf6 Qxf6 20. Re3 Qg6 21. Kh1 Qh5
22. Rf1 f5 23. exf5 Bxf5 24. Ng1 c4 25. bxc4 bxc4 26. Ne2 Bd3 27. Ng3 Qg6 28.
Rfe1 Rf8 29. Ne4 Rab8 30. Rg3 Qf7 31. Rxd3 cxd3 32. Qxd3 Rb2 33. a4 a5 34. c4
Qg6 35. Qe3 Rfb8 36. Kh2 R8b4 37. c5 R2b3 38. Qe2 dxc5 39. Nxc5 Rc3 40. Ne6 Rc2
41. Qa6 Rb8 42. Qa7 Rg8 43. Rxe5 Qf6 44. Re4 Rxf2 45. Qe3 Qb2 46. Rg4 Re2 47.
Qg3 Rd2 48. Nf4 Kh7 49. Rg6 Qe5 50. Re6 Qf5 51. Qe3 Rd1 52. Re5 Qb1 53. Re6 Rf8
54. Qe5 Qf5 55. Qxf5+ Rxf5 56. Re4 Rd2 57. Kg3 g5 58. Re7+ Kg8 59. Ne6 Rfxd5 60.
Ra7 Re2 61. Ra8+ Kf7 62. Nc7 Rd3+ 63. Kg4 Rxg2+ 64. Kf5 Rf3+ 65. Ke5 Re2+ 66.
Kd6 Rd3+ 67. Kc6 Rc2+ 68. Kb6 Rd6+ 69. Kb7 Rd7 70. Rc8 h5 0-1

[Event "21st European Teams Women"]
[Site "Hersonissos GRE"]
[Date "2017.11.06"]
[Round "9.8"]
[Board "4"]
[White "Novosadova, Kristyna"]
[Black "Gara, Ticia"]
[Result "0-1"]
[BlackTitle "WGM"]
[WhiteElo "2184"]
[BlackElo "2317"]
[WhiteTeam "Czech Republic"]
[BlackTeam "Hungary"]
[WhiteFideId "328065"]
[BlackFideId "717444"]
[EventDate "2017.10.28"]

1. e4 c5 2. Nf3 d6 3. d4 cxd4 4. Nxd4 Nf6 5. Nc3 Nc6 6. Bg5 e6 7. Qd2 a6 8.
O-O-O Bd7 9. f4 b5 10. Bxf6 gxf6 11. Nxc6 Bxc6 12. Bd3 Qb6 13. Rhe1 Be7 14. f5
h5 15. Kb1 Qc5 16. Ne2 e5 17. Nc3 Rg8 18. Bf1 Rc8 19. Qe3 Bb7 20. h3 h4 21. Qxc5
Rxc5 22. Re3 Kd7 23. a4 b4 24. Na2 a5 25. Nc1 Rcc8 26. Bb5+ Kc7 27. Re2 Kb6 28.
b3 Rgd8 29. Bc4 Rxc4 30. bxc4 Rc8 31. Nb3 Rxc4 32. Nd2 Rd4 33. Rde1 d5 34. Nf3
Rc4 35. Nxh4 dxe4 36. g4 Bc5 37. Ng2 Bd4 38. h4 Rc3 39. Re3 Bxe3 40. Nxe3 Rc8
41. h5 Kc7 42. Rd1 Bc6 43. Nc4 e3 44. Nxe3 Bf3 45. Rf1 e4 46. Rf2 Kd6 47. h6 Ke5
48. Rh2 Kd4 49. h7 Rh8 50. Nf1 Bxg4 51. Ng3 Ke5 52. Kc1 Kf4 53. Nh5+ Bxh5 54.
Rxh5 Kg4 55. Rh1 Kxf5 56. Kd2 Kg6 57. Ke3 Rxh7 58. Rd1 f5 59. Rd5 Rh3+ 60. Kd2
Rh2+ 61. Kc1 f4 62. Rxa5 f3 63. Kd1 Rh1+ 0-1

[Event "21st European Teams Women"]
[Site "Hersonissos GRE"]
[Date "2017.11.06"]
[Round "9.9"]
[Board "1"]
[White "Botsari, Anna-Maria"]
[Black "Ziaziulkina, Nastassia"]
[Result "1/2-1/2"]
[WhiteTitle "WGM"]
[BlackTitle "IM"]
[WhiteElo "2287"]
[BlackElo "2369"]
[WhiteTeam "Greece 1"]
[BlackTeam "Belarus"]
[WhiteFideId "4200446"]
[BlackFideId "13505211"]
[EventDate "2017.10.28"]

1. d4 d5 2. c4 c6 3. Nf3 Nf6 4. Nbd2 e6 5. g3 c5 6. cxd5 exd5 7. Bg2 Nc6 8. O-O
Bf5 9. dxc5 Bxc5 10. Nb3 Bb6 11. Nfd4 Be4 12. f3 Bg6 13. Be3 O-O 14. Rc1 Re8 15.
Bf2 Qd7 16. Nc5 Qe7 17. Nxc6 bxc6 18. Na4 Qxe2 19. Qxe2 Rxe2 20. Rxc6 Bxf2+ 21.
Rxf2 Re7 22. Rd6 Bd3 23. Rd2 Bc4 24. Nc3 Re6 25. Rxe6 fxe6 26. f4 Rb8 27. f5
exf5 28. b3 d4 29. Rxd4 Bf7 30. Nd5 Nxd5 31. Bxd5 Bxd5 32. Rxd5 Rf8 33. Rd7 a6 1/2-1/2

[Event "21st European Teams Women"]
[Site "Hersonissos GRE"]
[Date "2017.11.06"]
[Round "9.9"]
[Board "2"]
[White "Badelka, Olga"]
[Black "Tsolakidou, Stavroula"]
[Result "1/2-1/2"]
[WhiteTitle "WIM"]
[BlackTitle "WGM"]
[WhiteElo "2353"]
[BlackElo "2340"]
[WhiteTeam "Belarus"]
[BlackTeam "Greece 1"]
[WhiteFideId "13509926"]
[BlackFideId "4264312"]
[EventDate "2017.10.28"]

1. d4 Nf6 2. c4 e6 3. Nc3 Bb4 4. Qc2 d6 5. a3 Bxc3+ 6. Qxc3 Nbd7 7. Bg5 h6 8.
Bh4 O-O 9. e3 b6 10. Ne2 Bb7 11. Qc2 Qe7 12. Nc3 c5 13. Rd1 cxd4 14. Rxd4 Rfd8
15. Be2 e5 16. Rd2 Nf8 17. O-O Ng6 18. Bg3 h5 19. h3 h4 20. Bh2 Bc6 21. Nd5 Bxd5
22. cxd5 Qd7 23. f4 Rac8 24. Qb1 exf4 25. exf4 Qe7 26. Bd3 Qe3+ 27. Rdf2 Re8 28.
Kh1 Qd4 29. f5 Ne5 30. Ba6 Rc7 31. Rf4 Qxd5 32. Rxh4 b5 33. Rb4 Rb8 34. a4 Qd2
35. Bxe5 Qxb4 36. Bxf6 Qxa4 37. Qe1 gxf6 38. Qg3+ Kh7 39. Qxd6 Qc4 40. Rf4 Qc1+
41. Kh2 Rg8 42. Rh4+ Kg7 43. Bxb5 Qc5 44. Rg4+ Kh7 45. Rh4+ Kg7 1/2-1/2

[Event "21st European Teams Women"]
[Site "Hersonissos GRE"]
[Date "2017.11.06"]
[Round "9.9"]
[Board "3"]
[White "Pavlidou, Ekaterini"]
[Black "Stetsko, Lanita"]
[Result "1-0"]
[WhiteTitle "WIM"]
[BlackTitle "FM"]
[WhiteElo "2198"]
[BlackElo "2254"]
[WhiteTeam "Greece 1"]
[BlackTeam "Belarus"]
[WhiteFideId "4213262"]
[BlackFideId "13505300"]
[EventDate "2017.10.28"]

1. d4 Nf6 2. c4 e6 3. Nc3 Bb4 4. e3 O-O 5. Bd3 c5 6. Nf3 d5 7. O-O Nc6 8. a3
Bxc3 9. bxc3 dxc4 10. Bxc4 Qc7 11. Ba2 e5 12. h3 e4 13. Nh2 b6 14. Qe2 Na5 15.
Bd2 c4 16. Rab1 Bd7 17. Ng4 Nxg4 18. hxg4 f5 19. g5 Rac8 20. f4 exf3 21. Rxf3
Qd6 22. Rb4 Qe7 23. Qf2 Qxg5 24. e4 Qg6 25. e5 Bc6 26. Rxc4 Nxc4 27. Bxc4+ Kh8
28. d5 Bb7 29. Ba2 f4 30. Bxf4 Qe4 31. Qd2 Rc5 32. c4 Rxc4 33. Bxc4 Qxc4 34. Rc3
Qe4 35. d6 Bc6 36. Kh2 Rxf4 37. d7 Rh4+ 38. Kg1 Bxd7 39. Rc8+ 1-0

[Event "21st European Teams Women"]
[Site "Hersonissos GRE"]
[Date "2017.11.06"]
[Round "9.9"]
[Board "4"]
[White "Ilyuchyk, Yana"]
[Black "Avramidou, Anastasia"]
[Result "1/2-1/2"]
[BlackTitle "FM"]
[WhiteElo "1992"]
[BlackElo "2257"]
[WhiteTeam "Belarus"]
[BlackTeam "Greece 1"]
[WhiteFideId "13508407"]
[BlackFideId "4239873"]
[EventDate "2017.10.28"]

1. e4 e6 2. d4 d5 3. exd5 exd5 4. Nf3 Nf6 5. Bd3 Bg4 6. O-O Be7 7. Re1 O-O 8. h3
Bh5 9. g4 Bg6 10. Bxg6 hxg6 11. Ne5 Ne4 12. Nd2 Nxd2 13. Bxd2 Nd7 14. Qe2 Bd6
15. Qb5 Nb6 16. Ba5 Qe8 17. Qd3 Qa4 18. Bd2 Bxe5 19. Rxe5 Rfe8 20. b3 Qc6 21.
Rae1 Rxe5 22. Rxe5 Re8 23. Rxe8+ Qxe8 24. Kf1 Qc6 25. Bg5 Nd7 26. Be7 Nb8 27.
Kg2 a6 28. Bb4 Qd7 29. Qe3 Nc6 30. Ba3 Na7 31. Qe5 b6 32. c3 Nb5 33. Bb2 Na7 34.
Qe2 a5 35. a4 Nc8 36. Ba3 f6 37. Qd3 Kf7 38. c4 Na7 39. c5 b5 40. Qd1 Qe6 41.
Qd2 b4 42. Bc1 Nc6 43. f3 g5 44. Kf2 Ne7 45. Qe3 Qd7 46. f4 gxf4 47. Qxf4 Nc6
48. Be3 Nd8 49. h4 Ne6 50. Qf5 g6 51. Qf3 Ng7 52. Bf4 Kg8 53. Bg3 f5 54. gxf5
Nxf5 55. Be5 Qf7 56. Qf4 c6 57. Ke1 Qh7 58. Bf6 Qd7 59. Kd2 Kf7 60. Be5 Qe6 61.
Kd3 Kg8 62. Qg5 Ne7 63. Kd2 Qh3 64. Qf6 Qc3+ 65. Ke2 Qc2+ 66. Kf1 Qd1+ 67. Kg2
Qc2+ 68. Kf3 Qe4+ 69. Kf2 Qc2+ 70. Kg1 Qd1+ 71. Kh2 Qc2+ 72. Kh3 Qxb3+ 73. Kg4
Qd1+ 74. Kh3 Qd3+ 75. Kh2 Qc2+ 1/2-1/2

[Event "21st European Teams Women"]
[Site "Hersonissos GRE"]
[Date "2017.11.06"]
[Round "9.10"]
[Board "2"]
[White "Milliet, Sophie"]
[Black "Heinemann, Josefine"]
[Result "1-0"]
[WhiteTitle "IM"]
[BlackTitle "WIM"]
[WhiteElo "2377"]
[BlackElo "2269"]
[WhiteTeam "France"]
[BlackTeam "Germany"]
[WhiteFideId "623725"]
[BlackFideId "12900460"]
[EventDate "2017.10.28"]

1. e4 e5 2. Nf3 Nc6 3. Bb5 a6 4. Ba4 Nf6 5. d3 Bc5 6. Nc3 O-O 7. Bg5 b5 8. Bb3
Be7 9. Qd2 d6 10. Nd5 Nxd5 11. Bxd5 Bxg5 12. Nxg5 Bb7 13. f4 Rb8 14. O-O exf4
15. Nxf7 Qf6 16. Rxf4 Qd4+ 17. Kh1 Ne5 18. c3 Qa7 19. Nxe5+ Bxd5 20. Nd7 Rxf4
21. Qxf4 Rd8 22. Qf5 c6 23. Nf6+ gxf6 24. exd5 cxd5 25. Qxf6 Rf8 26. Qxd6 Qf7
27. h3 Qf5 28. Qg3+ Kh8 29. Re1 Qf2 30. Qe5+ Rf6 31. Re3 Qf1+ 32. Kh2 Qf4+ 33.
Qxf4 Rxf4 34. Kg3 Ra4 35. a3 d4 36. cxd4 Rxd4 37. Kf3 Kg7 38. Re7+ Kg6 39. Re6+
Kf7 40. Ke3 Ra4 41. Re4 Ra5 42. Rb4 Ke6 43. Ke4 h6 44. g4 1-0

[Event "21st European Teams Women"]
[Site "Hersonissos GRE"]
[Date "2017.11.06"]
[Round "9.10"]
[Board "3"]
[White "Hoolt, Sarah"]
[Black "Collas, Silvia"]
[Result "1-0"]
[WhiteTitle "WGM"]
[BlackTitle "IM"]
[WhiteElo "2423"]
[BlackElo "2288"]
[WhiteTeam "Germany"]
[BlackTeam "France"]
[WhiteFideId "24606812"]
[BlackFideId "2902265"]
[EventDate "2017.10.28"]

1. e4 e5 2. Nf3 Nc6 3. Bb5 a6 4. Ba4 d6 5. O-O Bd7 6. c3 g6 7. d4 Bg7 8. Re1 Nf6
9. Nbd2 O-O 10. h3 Re8 11. d5 Ne7 12. Bxd7 Nxd7 13. Nf1 h6 14. Ng3 Qb8 15. a4 c6
16. c4 a5 17. Ra3 Nc5 18. Be3 b6 19. Qd2 Kh7 20. b4 axb4 21. Qxb4 cxd5 22. cxd5
Qc7 23. Nd2 f5 24. Bxc5 bxc5 25. Qc4 Reb8 26. Qd3 Rb4 27. exf5 Rd4 28. fxg6+ Kh8
29. Qe2 Nxg6 30. Nh5 Raxa4 31. Rxa4 Rxa4 32. Nc4 Rb4 33. Qg4 Nf4 34. Nxf4 Rxc4
35. Ng6+ Kh7 36. Qxc4 Kxg6 37. Qe4+ Kf7 38. Qh7 Qc8 39. Re3 1-0